| 000 | 00363 a2200157 4500 | ||
|---|---|---|---|
| 001 | 194213 | ||
| 020 | _a978-85-7888-693-6 | ||
| 040 | _cMagnum | ||
| 100 | _aMartins, Penélope | ||
| 240 | 1 | 0 |
_aAventuras de Pinóquio _lpor |
| 245 | 1 | 0 | _aAventuras de Pinóquio |
| 300 | _a40 | ||
| 362 | 0 | _a2018 | |
| 697 | _aLÍNGUA - LINGÜÍSTICA - LITERATURA | ||
| 942 | _cBK | ||
| 999 |
_c194213 _d194213 |
||